| 000 | 00682nam a22002177a 4500 | ||
|---|---|---|---|
| 003 | SEM | ||
| 005 | 20260619155406.0 | ||
| 008 | 260619m 1977ai ||||gr||||||01|||arm|d | ||
| 040 |
_aSEM _cSEM |
||
| 041 | _aarm | ||
| 080 | _a891.981-3/Կ-45 | ||
| 100 | _aԿզնունի, Անտոն | ||
| 245 |
_aՕտարականը / _cԱ. Կզնունի |
||
| 260 |
_aԵրևան : _bՍովետ. գրող, _c1977. |
||
| 300 |
_aՀ. ; _bնկ. ; _c22 սմ |
||
| 505 |
_aՀ. 2 - _r/Խմբ.՝ Գ. Բալասանյան.- _g1977. - 510 էջ |
||
| 650 |
_aՀայ գրականություն _xարձակ |
||
| 653 | _aՍԷՄ | ||
| 700 |
_aԲալասանյան, Գ. _eխմբ. _4edt. |
||
| 942 |
_2udc _cBK _n0 |
||
| 999 |
_c77314 _d77314 |
||